Foundations of Physical Education,Exercise Science and Sport/ (Record no. 11369)
[ view plain ]
| 000 -LEADER | |
|---|---|
| fixed length control field | 00582nam a22001697a 4500 |
| 008 - FIXED-LENGTH DATA ELEMENTS--GENERAL INFORMATION | |
| fixed length control field | 160706b xxu||||| |||| 00| 0 eng d |
| 020 ## - INTERNATIONAL STANDARD BOOK NUMBER | |
| International Standard Book Number | 0072972807 |
| 050 ## - LIBRARY OF CONGRESS CALL NUMBER | |
| Classification number | GV 341 .W85 2006 |
| 100 ## - MAIN ENTRY--PERSONAL NAME | |
| Personal name | Deborah A. Wuest |
| Dates associated with a name | 2006 |
| 245 ## - TITLE STATEMENT | |
| Title | Foundations of Physical Education,Exercise Science and Sport/ |
| 250 ## - EDITION STATEMENT | |
| Edition statement | 15th ed. |
| 260 ## - PUBLICATION, DISTRIBUTION, ETC. (IMPRINT) | |
| Place of publication, distribution, etc. | Boston: |
| Name of publisher, distributor, etc. | Mc Graw Hill, |
| Date of publication, distribution, etc. | 2006. |
| 300 ## - PHYSICAL DESCRIPTION | |
| Extent | xv 583p.; |
| Other physical details | ill.: |
| 521 ## - TARGET AUDIENCE NOTE | |
| Target audience note | Includes bibliographical references and index |
| 650 ## - SUBJECT ADDED ENTRY--TOPICAL TERM | |
| Topical term or geographic name as entry element | Foundation of Physical Education and Training |
| 700 ## - ADDED ENTRY--PERSONAL NAME | |
| Personal name | Charles A.Bucher |
| 942 ## - ADDED ENTRY ELEMENTS (KOHA) | |
| Source of classification or shelving scheme | |
| Koha item type | Hard Covered Materials |
| Classification part | GV 341 .W85 2006 |
| Koha issues (borrowed), all copies | 1 |
| Withdrawn status | Lost status | Source of classification or shelving scheme | Damaged status | Not for loan | Home library | Current library | Shelving location | Date acquired | Source of acquisition | Total Checkouts | Full call number | Barcode | Date last seen | Price effective from | Koha item type | Date last checked out |
|---|---|---|---|---|---|---|---|---|---|---|---|---|---|---|---|---|
| MACHAKOS UNIVERSITY LIBRARY | MACHAKOS UNIVERSITY LIBRARY | Open shelf | 06/07/2016 | Donation (BFA) | GV 341 .W85 2006 | 21566 | 03/06/2019 | 06/07/2016 | Hard Covered Materials | |||||||
| MACHAKOS UNIVERSITY LIBRARY | MACHAKOS UNIVERSITY LIBRARY | Technical section | 06/07/2016 | Donation (BFA) | 1 | GV 341 .W85 2006 | 21541 | 31/05/2018 | 06/07/2016 | Hard Covered Materials | 24/01/2018 | |||||
| MACHAKOS UNIVERSITY LIBRARY | MACHAKOS UNIVERSITY LIBRARY | Open shelf | 06/07/2016 | Donation (BFA) | GV 341 .W85 2006 | 21540 | 06/07/2016 | 06/07/2016 | Hard Covered Materials | |||||||
| MACHAKOS UNIVERSITY LIBRARY | MACHAKOS UNIVERSITY LIBRARY | Open shelf | 06/07/2016 | Donation (BFA) | GV 341 .W85 2006 | 22271 | 16/02/2018 | 06/07/2016 | Hard Covered Materials | |||||||
| MACHAKOS UNIVERSITY LIBRARY | MACHAKOS UNIVERSITY LIBRARY | Open shelf | 06/07/2016 | Donation (BFA) | GV 341 .W85 2006 | 22270 | 04/06/2019 | 06/07/2016 | Hard Covered Materials | |||||||
| MACHAKOS UNIVERSITY LIBRARY | MACHAKOS UNIVERSITY LIBRARY | Open shelf | 06/07/2016 | Donation (BFA) | GV 341 .W85 2006 | 22290 | 04/06/2019 | 06/07/2016 | Hard Covered Materials | |||||||
| MACHAKOS UNIVERSITY LIBRARY | MACHAKOS UNIVERSITY LIBRARY | Technical section | 06/07/2016 | Donation (BFA) | GV 341 .W85 2006 | 22294 | 04/06/2019 | 06/07/2016 | Hard Covered Materials | |||||||
| MACHAKOS UNIVERSITY LIBRARY | MACHAKOS UNIVERSITY LIBRARY | Technical section | 06/07/2016 | Donation (BFA) | GV 341 .W85 2006 | 22291 | 31/05/2018 | 06/07/2016 | Hard Covered Materials | |||||||
| MACHAKOS UNIVERSITY LIBRARY | MACHAKOS UNIVERSITY LIBRARY | Open shelf | 07/03/2017 | Donation (BFA) | GV 341 .W85 2006 | 36425 | 07/03/2017 | 07/03/2017 | Hard Covered Materials |